|
|
|
|
| LEADER |
01745nam a2200481 4500 |
| 001 |
9781787548121 |
| 003 |
UtOrBLW |
| 005 |
20190919150537.0 |
| 006 |
m o d |
| 007 |
cr un||||||||| |
| 008 |
190920t20192019enk ob 001 0 eng d |
| 020 |
|
|
|a 9781787548121 (e-book)
|
| 040 |
|
|
|a UtOrBLW
|b eng
|e rda
|c UtOrBLW
|d GrThAP
|
| 043 |
|
|
|a a-ir---
|
| 050 |
|
4 |
|a G155.I7
|b E97 2019
|
| 072 |
|
7 |
|a TRV026000
|2 bisacsh
|
| 072 |
|
7 |
|a KNSG
|2 bicssc
|
| 080 |
|
|
|a 338.48
|
| 082 |
0 |
4 |
|a 338.479155
|2 23
|
| 245 |
0 |
0 |
|a Experiencing Persian heritage :
|b perspectives and challenges /
|c edited by Antónia Correia, Metin Kozak, and Ana Isabel Rodrigues.
|
| 264 |
|
1 |
|a Bingley :
|b Emerald Publishing Limited,
|c 2019.
|
| 264 |
|
4 |
|c ©2019
|
| 300 |
|
|
|a 1 online resource (ix, 406 pages) ;
|c cm.
|
| 336 |
|
|
|a text
|b txt
|2 rdacontent
|
| 337 |
|
|
|a computer
|b c
|2 rdamedia
|
| 338 |
|
|
|a online resource
|b cr
|2 rdacarrier
|
| 490 |
1 |
|
|a Bridging tourism theory and practice,
|x 2042-1443 ;
|v volume 10
|
| 500 |
|
|
|a Includes index.
|
| 504 |
|
|
|a Includes bibliographical references (pages 315-377).
|
| 588 |
0 |
|
|a Print version record.
|
| 650 |
|
0 |
|a Tourism
|z Iran.
|
| 650 |
|
0 |
|a Culture and tourism
|z Iran.
|
| 650 |
|
0 |
|a Hospitality industry
|z Iran.
|
| 650 |
|
7 |
|a Travel, Special Interest
|x General.
|2 bisacsh
|
| 650 |
|
7 |
|a Tourism industry.
|2 bicssc
|
| 651 |
|
0 |
|a Iran
|x History.
|
| 651 |
|
0 |
|a Iran
|x Civilization.
|
| 700 |
1 |
|
|a Correia, Antónia,
|e editor.
|
| 700 |
1 |
|
|a Kozak, Metin,
|e editor.
|
| 700 |
1 |
|
|a Rodrigues, Ana Isabel,
|e editor.
|
| 776 |
|
|
|z 9781787548138
|
| 830 |
|
0 |
|a Bridging tourism theory and practice ;
|v . 10.
|x 2042-1443
|
| 856 |
4 |
0 |
|u https://www.emerald.com/insight/publication/doi/10.1108/S2042-1443201910
|z Full Text via HEAL-Link
|